00802cam a2200241 b 4500003000500000005001700005008004100022020001800063040000900081082002100090245007100111246003800182246002400220250001200244260005800256300003000314500002200344650004700366650004000413700002600453942006200479999001900541322820231116120514.02023 s2023 enk d 001 0 eng  a9780198610045 c322800a R 082.0207 OXFO00aOxford dictionary of humorous quotations /cedited by Ned Sherrin.30aDictionary of humorous quotations30aHumorous quotations a3rd ed. aOxford ;aNew York :bOxford University Press,c2005. axxxii, 525 pages;c24 cm. aIncludes indexes. 0aQuotations, EnglishvDictionaries.9184659 0aWit and humorvDictionaries91846601 aSherrin, Ned.9136828 2ddccBOOKw169xBoniswa Ngcongoloy169zBoniswa Ngcongolo c760592d760591